| 000 | 00681nac a22001931u 4500 | ||
|---|---|---|---|
| 008 | 100907s2004 ii |||||r|||| 00| 0 eng d | ||
| 020 | _a0070587760 | ||
| 082 | 0 | 0 |
_a005.7585 _bJOH _222 |
| 100 |
_aGarmany, John _918675 |
||
| 245 | 1 | 0 |
_aOracle Application Server 10g administration handbook / _cJohn Garmany, Donald K. Burleson. |
| 260 |
_aNew Delhi : _bMcGraw-Hill/Osborne, _c2004. |
||
| 300 |
_axvii, 382 p. : _bill. ; _c24 cm. |
||
| 500 | _aIncludes index. | ||
| 650 | 0 |
_aDatabase management. _918676 |
|
| 650 | 0 |
_aApplication software _xDevelopment. _918677 |
|
| 650 | 0 |
_aWeb servers. _918678 |
|
| 700 | 1 |
_aBurleson, Donald K. _918679 |
|
| 942 |
_cBB _k005.7585G2338 _2ddc |
||
| 999 |
_c546 _d546 |
||